00474 2200193 4500245004900000020002200049250001100071100002100082700001000103700001100113650001700124005001900141260004100160041001400201084001300215300003200228336000900260338001100269 aCode Breaker Vol. 10cKamijyo, AkiminehText a978-602-02-3627-8 aCet. 1 aKamijyo, Akimine aAri N aFaizal aKomik Jepang a20230131103357 aJakartabElex Media Komputindoc2014 aIndonesia a741.5592 a... jil. :bilus. ;c17 cm. atext avolume